| 000 | 00711nam a22002297a 4500 | ||
|---|---|---|---|
| 003 | LK-CoMWRAF | ||
| 005 | 20231106172300.0 | ||
| 008 | 231106b2000 |||||||| |||| 00| 0 eng d | ||
| 020 | _a0072282266 | ||
| 040 |
_aLK-CoMWRAF _dLK-CoMWRAF _eLK-CoMWRAF |
||
| 041 | _aeng | ||
| 082 |
_a361.3 _bSUP |
||
| 100 | _aSuppes, Mary Ann | ||
| 245 |
_aThe social work experience: _ban introduction to social work and social welfare |
||
| 250 | _a3rd ed. | ||
| 260 |
_aBoston: _bMcGraw-Hill, _c2000 |
||
| 300 |
_a xxii, 523 p. : ill. ; 26 cm _bGlossary and index included. |
||
| 650 | _aSOCIAL SERVICES | ||
| 650 | _aSocial service--Vocational guidance--United States | ||
| 700 | _aWells, Carolyn Cressy | ||
| 942 | _cBK | ||
| 999 |
_c4056 _d4056 |
||